MDQL
is popping MORE tags! Check the
thread
!
Quizzes
Events
Quiz Creation
Community
Videos
Private Events
Remove Ads
Sign In
Join for FREE
Feedback
Dark Mode
Quiz Categories
Sports
Geography
Music
Movies
Television
Just For Fun
Miscellaneous
History
Literature
Language
Science
Gaming
Entertainment
Religion
Holiday
For Kids
Quiz Lab
Recent
Popular Today
Quiz Kudos Today
Editor Picks
Curator Picks
Quizzes by...
Day
Popularity
Type
Ratings
Length
Year
Community
Subscriptions
Recent Discussions
Orange Saloon
Badges
Playlists
Quests
Create
Leaderboards
Showdown
Live 5
Trivia Bingo
Activity
Puzzle Library
Sporcle Events
Private Events
Virtual Trivia
Globe League
Become a Host
Pub Owners
SporcleCon
Opinionation
Our Games
Videos
Blog
Mobile Apps
Partnerships
Remove Ads and Go Orange
Feedback
Television
TV Characters
TV Show
Sitcom
Network
Friends
Reality Shows
Cast
South Park
Star Trek
The Simpsons
Doctor Who
Television
TV Characters
TV Show
Sitcom
Network
Friends
Reality Shows
Cast
South Park
Star Trek
The Simpsons
Doctor Who
Random Quiz
Search Sporcle
×
Quiz Lab
Quiz Lab
Television
national
Type in answers that appear in a list
Type in answers that appear in a list
Classic
Best Score? Go Orange.
Jinsy National Anthem Stats
Can you name the Jinsy National Anthem?
By
maybejeannie
6m
46 Questions
4 Plays
4 Plays
4 Plays
Comments
Comments
Give Quiz Kudos
Give Quiz Kudos
-
- Ratings
hide this ad
More Info
Replay
Link that replays current quiz
Next Quiz
Link to next quiz in quiz playlist
You Got
0%
They Got
Avg Score
90%
Avg Friend Score
Upgrade to see
Score Distribution
Jump to the score distribution portion of the page
Score
0/46
Timer
06:00
0
Plays Today
% Correct
Island
100%
of
100%
and
100%
sand,
100%
and
100%
and
100%
and
100%
(that flow)
100%
and
100%
streams
100%
and
100%
and
100%
pumps
100%
(that flow).
100%
and
100%
and
100%
and
100%
and
100%
and
100%
pens
100%
and
100%
stationery
100%
and
100%
% Correct
lots
100%
of
100%
coats
100%
and
100%
shoes
100%
and.
100%
silt
75%
stumps
75%
twigs
75%
tilth
75%
hedgerow,
75%
fences,
75%
nets
75%
carts
75%
stick
75%
Logs
75%
knitted
75%
with
75%
matching
75%
gloves
75%
hats
75%
scarves
75%
string
75%
Quiz Playlist
Details
Report
Send in Message
Add To Playlist
More Info:
from the UK comedy 'This is Jinsy'
Classic:
Type in answers that appear in a list
Last Updated: Feb 16, 2017
Quiz Scoreboard
CHALLENGE
Sign Up to Join the Scoreboard
Show All
Scores
Hide
Comments
May contain spoilers
Recently Published
Image Sorting: Flags VI
by Barbecue
Geography
2m
Find the 'City' Movie
by crazypaving
Movies
60s
Colored Red Africa Blitz
by spor1
Geography
45s
More to Explore
Quiz From the Vault
Featured Blog Post
14 Easter Pick-up Lines to Find Eggs With
hide this ad
You Might Also Like...
Tags
anthem
national
Today's Top Quizzes in Television
Browse Television
hide this ad
Today's Top Quizzes in national
Browse national
Top Contributed Quizzes in Television
1
Survivor Journey Challenge
2
Brooklyn Nine Nine Logic Puzzle (How-To-Play)
3
Adjectives in 00s TV Shows
4
Total Drama Characters
5
Survivor Logic Puzzle: Heroes vs. Villains
6
Phoebe Buffay Quotes
7
Survivor Heroes vs. Villains Logic Puzzle
8
Survivor Trivia
9
Emmerdale Characters (from August 2012)
10
Adjectives in 10s TV Shows
Explore More
Trending Topics
Kpop
NBA
Crossword
Anime
Marvel
Harry Potter
Disney
The Office
WWE
NFL
Song
Country
Pokémon
Puzzle
Soccer
hide this ad
More By:
maybejeannie
Quiz
Plays
Rating
Category
Featured
Created
Dr Who: The Big Bang
4,594
3.95
Television
Apr 26, 2012
Dr Who: First lines for the Eleventh
2,705
3.91
Television
Mar 21, 2012
Dr Who: Vincent and the Doctor
1,548
4.29
Television
Mar 17, 2012
Dr Who: River can fly the TARDIS
1,034
2.75
Television
Mar 18, 2012
Dr Who:Time crash speech
638
3.75
Television
Mar 17, 2012
Go to Creator's Profile
Score Distribution
Quiz Creator Spotlight
maybejeannie
Follow
Send a Message
Quizzes Created
-
Created Quiz Play Count
-
More By This Creator
Popular Quizzes Today
1
Colored Red Africa Blitz
2
Find the US States - No Outlines Minefield
3
Find the 'City' Movie
4
5x2 Blitz: Bands
5
The Countries of the World
6
Find the US States
7
Find the Countries of Europe - No Outlines Minefield
8
US States
More Television Quizzes
20 Sitcom Women
Published
Trending Quizzes
Colored Red Europe Blitz I
Colored Red Africa Blitz II
Colored Red Europe Blitz II
Colored Red Africa Blitz III
Colored Red Europe Blitz III
Recently Updated
How Do You Spell That?
pecheneg
Godzilla Movies
pecheneg
Grab Bag: 4-10 Letters
pecheneg
2024 March Madness Bracket
pecheneg
Famous TV Couples
Peacemaker
Champions League XIs: Real Madrid
pecheneg
Largest US Cities 1790-2010
pecheneg
Rides in Walt Disney World
pecheneg
Most Oscar Losses (Acting)
pecheneg
Beyoncé Albums
pecheneg
Trending Topics
NBA
Anime
Marvel
Harry Potter
Crossword
Kpop
Disney
Pokémon
NFL
Puzzle
Song
The Office
WWE
Soccer
Country
Your Account Isn't Verified!
In order to create a playlist on Sporcle, you need to verify the email address you used during registration. Go to your
Sporcle Settings
to finish the process.
Report this User
Report this user for behavior that violates our
Community Guidelines
.
Details:
Send Report
Go to the Sporcle.com Mobile Site →
Comments